[Event "Reykjavik op"]
[Site "Reykjavik"]
[Date "2019.04.09"]
[Round "3"]
[White "Aasen, Joakim"]
[Black "Oettel, Lothar"]
[Result "1/2-1/2"]
[WhiteElo "1645"]
[BlackElo "1945"]
[PlyCount "44"]
[EventDate "2019.04.08"]
[EventType "swiss"]
[EventRounds "9"]
[EventCountry "ISL"]
[SourceTitle "CBM 189 Extra"]
[Source "ChessBase"]
[SourceDate "2019.06.03"]
[SourceVersion "1"]
[SourceVersionDate "2019.06.03"]
[SourceQuality "1"]

1. d4 Nf6 2. c4 c5 3. d5 b5 4. cxb5 a6 5. b6 Qxb6 6. Nc3 d6 7. e4 g6 8. Nf3 Bg4 9. Be2 Bxf3 10. Bxf3 Bg7 11. 0-0 0-0 12. Rb1 Nbd7 13. Be3 Qc7 14. Qd2 Rfb8 15. Rfc1 Ne5 16. Be2 Rb4 17. f3 Rab8 18. a3 Rb3 19. Bd1 R3b7 20. Be2 Rb3 21. Bd1 R3b7 22. Be2 Rb3 1/2-1/2

[Event "Kiel op 25th"]
[Site "Kiel"]
[Date "2012.07.31"]
[Round "6"]
[White "Oettel, Lothar"]
[Black "Ghadimi, Mohammed Reza"]
[Result "0-1"]
[WhiteElo "1922"]
[BlackElo "2118"]
[PlyCount "116"]
[EventDate "2012.07.28"]
[EventType "swiss"]
[EventRounds "9"]
[EventCountry "GER"]
[SourceTitle "EXT 2015"]
[Source "ChessBase"]
[SourceDate "2014.11.20"]
[SourceVersion "1"]
[SourceVersionDate "2014.11.20"]
[SourceQuality "1"]

1. d4 Nf6 2. Nf3 g6 3. Bf4 Bg7 4. Nbd2 0-0 5. e4 d6 6. Be2 Nbd7 7. 0-0 Nh5 8. Be3 e5 9. dxe5 dxe5 10. c3 Nf4 11. Bxf4 exf4 12. Qb3 Re8 13. Bc4 Qe7 14. Rfe1 c6 15. Rad1 b5 16. Bf1 a5 17. a4 Nc5 18. Qa3 Nxa4 19. Qxe7 Rxe7 20. Rb1 Nc5 21. Nd4 Bd7 22. f3 a4 23. b4 axb3 24. N2xb3 Na4 25. c4 Rb8 26. cxb5 cxb5 27. Rbc1 Be8 28. Red1 b4 29. Nc6 Bxc6 30. Rxc6 Nc3 31. Rd2 Ra7 32. h3 Be5 33. Bc4 Rba8 34. Rb6 Na4 35. Rb5 Bc3 36. Rd6 Rc8 37. Bd5 Nc5 38. Na5 Be5 39. Rc6 Bd4+ 40. Kf1 Rxc6 41. Nxc6 Ra1+ 42. Ke2 Be3 43. Nxb4 Rg1 44. g4 fxg3 45. Kxe3 Re1+ 46. Kd2 g2 47. Kxe1 g1Q+ 48. Ke2 h5 49. Nc6 Qg2+ 50. Ke3 Ne6 51. Rb8+ Kg7 52. Rb7 Ng5 53. e5 Qxh3 54. Nd4 Qg3 55. e6 Qe5+ 56. Be4 Nxe6 57. Ne2 h4 58. Rb1 f5 0-1

[Event "Merano Gold Cup 31st"]
[Site "Merano"]
[Date "2003.05.09"]
[Round "9"]
[White "Aigner, Georg"]
[Black "Oettel, Lothar"]
[Result "1/2-1/2"]
[WhiteElo "1881"]
[BlackElo "1863"]
[PlyCount "92"]
[EventDate "2003.05.??"]
[EventType "swiss"]
[EventRounds "9"]
[EventCountry "ITA"]
[SourceTitle "EXT 2006"]
[Source "ChessBase"]
[SourceDate "2005.11.24"]
[SourceVersion "1"]
[SourceVersionDate "2005.11.24"]
[SourceQuality "1"]

1. e4 c6 2. d4 d5 3. Bd3 dxe4 4. Bxe4 Nf6 5. Bf3 g6 6. c3 Bg7 7. Ne2 0-0 8. Ng3 Be6 9. Nd2 Bd5 10. 0-0 Bxf3 11. Nxf3 Nbd7 12. Re1 Re8 13. Bg5 Qb6 14. Qc2 c5 15. Rad1 cxd4 16. Nxd4 Qa5 17. Bxf6 Nxf6 18. Nb3 Qc7 19. Re2 Rad8 20. Red2 Rxd2 21. Qxd2 h5 22. h3 h4 23. Nf1 Ne4 24. Qd7 Qxd7 25. Rxd7 Nd6 26. Nfd2 Kf8 27. Nc5 Rb8 28. Nde4 b6 29. Nxd6 bxc5 30. Ne4 Ke8 31. Rd2 Rc8 32. Kf1 f5 33. Ng5 Bh6 34. f4 Bxg5 35. fxg5 Rc7 36. Ke2 e6 37. Ke3 Rd7 38. Rf2 e5 39. b3 Ke7 40. Rb2 Ke6 41. b4 cxb4 42. Rxb4 e4 43. Rc4 Rd3+ 44. Ke2 Rd6 45. Rc8 Rb6 46. Ke3 Ra6 1/2-1/2

[Event "Merano Gold Cup 31st"]
[Site "Merano"]
[Date "2003.05.06"]
[Round "6"]
[White "Oettel, Lothar"]
[Black "Jacob, Konrad"]
[Result "1/2-1/2"]
[WhiteElo "1863"]
[BlackElo "1754"]
[PlyCount "22"]
[EventDate "2003.05.??"]
[EventType "swiss"]
[EventRounds "9"]
[EventCountry "ITA"]
[SourceTitle "EXT 2006"]
[Source "ChessBase"]
[SourceDate "2005.11.24"]
[SourceVersion "1"]
[SourceVersionDate "2005.11.24"]
[SourceQuality "1"]

1. d4 Nf6 2. Nf3 d5 3. c4 e6 4. Nc3 c6 5. cxd5 exd5 6. Bg5 Be7 7. Bxf6 Bxf6 8. e3 Bg4 9. Be2 0-0 10. 0-0 Nd7 11. Rc1 Re8 1/2-1/2

[Event "Merano Gold Cup 31st"]
[Site "Merano"]
[Date "2003.05.02"]
[Round "2"]
[White "Muscolino, Attilio"]
[Black "Oettel, Lothar"]
[Result "0-1"]
[WhiteElo "2082"]
[BlackElo "1863"]
[PlyCount "64"]
[EventDate "2003.05.??"]
[EventType "swiss"]
[EventRounds "9"]
[EventCountry "ITA"]
[SourceTitle "EXT 2006"]
[Source "ChessBase"]
[SourceDate "2005.11.24"]
[SourceVersion "1"]
[SourceVersionDate "2005.11.24"]
[SourceQuality "1"]

1. e4 c6 2. d4 d5 3. e5 g6 4. c4 Bg7 5. Nc3 Be6 6. cxd5 Bxd5 7. Be3 Nh6 8. f3 Nf5 9. Bf2 h5 10. Bd3 e6 11. Nge2 Qg5 12. Nxd5 cxd5 13. Qb3 Qe7 14. Bb5+ Nc6 15. Rc1 Rc8 16. Qa4 0-0 17. 0-0 Bh6 18. f4 g5 19. fxg5 Bxg5 20. Rc3 f6 21. Ng3 fxe5 22. Nxf5 Rxf5 23. dxe5 Rcf8 24. Qc2 Nxe5 25. Bd4 Rxf1+ 26. Bxf1 Qf7 27. Qe2 Ng4 28. h3 Qf4 29. hxg4 Qxd4+ 30. Kh1 Qxg4 31. Qxg4 Rxf1+ 32. Kh2 hxg4 0-1

[Event "Oberjoch op"]
[Site "Oberjoch"]
[Date "2002.??.??"]
[Round "9"]
[White "Oettel, Lothar"]
[Black "Ten Berge, Hans JM"]
[Result "0-1"]
[WhiteElo "1878"]
[BlackElo "2133"]
[PlyCount "54"]
[EventDate "2002.??.??"]
[EventType "swiss"]
[EventRounds "9"]
[EventCountry "GER"]
[SourceTitle "EXT 2004"]
[Source "ChessBase"]
[SourceDate "2003.11.25"]
[SourceVersion "1"]
[SourceVersionDate "2003.11.25"]
[SourceQuality "1"]

1. d4 e6 2. Nf3 Nf6 3. g3 d5 4. c4 c6 5. Qc2 Bd6 6. Bg2 Nbd7 7. 0-0 0-0 8. c5 Bc7 9. Nbd2 Re8 10. e4 e5 11. exd5 Nxd5 12. Ne4 exd4 13. Nxd4 Ne5 14. Rd1 Bg4 15. Rd2 Qd7 16. Ng5 Ng6 17. h3 Re1+ 18. Kh2 h6 19. Ngf3 Bxf3 20. Nxf3 Re7 21. b3 h5 22. Bb2 Rae8 23. Rad1 h4 24. Ng5 hxg3+ 25. fxg3 b6 26. h4 Qg4 27. Rd4 Qxg3+ 0-1

[Event "Pyramiden Franken Cup 4th"]
[Site "Fuerth"]
[Date "2001.08.21"]
[Round "4"]
[White "Woerl, Richard"]
[Black "Oettel, Lothar"]
[Result "1-0"]
[WhiteElo "2093"]
[BlackElo "1915"]
[PlyCount "64"]
[EventDate "2001.08.18"]
[EventType "swiss"]
[EventRounds "9"]
[EventCountry "GER"]
[SourceTitle "EXT 2010"]
[Source "ChessBase"]
[SourceDate "2010.11.25"]
[SourceVersion "1"]
[SourceVersionDate "2010.11.25"]
[SourceQuality "1"]

1. e4 c5 2. c3 Nc6 3. Nf3 g6 4. Be2 Bg7 5. Na3 a6 6. Nc2 d6 7. Ne3 e6 8. d3 Nge7 9. Bd2 0-0 10. h4 d5 11. h5 f5 12. hxg6 hxg6 13. Ng5 Ne5 14. f4 Nf7 15. Nh7 Re8 16. e5 Nc6 17. g4 Ncxe5 18. fxe5 Bxe5 19. gxf5 exf5 20. Kf2 Kg7 21. Bh5 Kxh7 22. Bxg6+ Kxg6 23. Qf3 Kf6 24. Rh5 Be6 25. Nxf5 Bxf5 26. Qxf5+ Ke7 27. Rh7 Kd6 28. Rxf7 Re6 29. Bg5 Qe8 30. Rh1 Qb5 31. Rhh7 Qxb2+ 32. Kf3 Bg7 1-0

[Event "Pyramiden Franken Cup 4th"]
[Site "Fuerth"]
[Date "2001.08.19"]
[Round "2"]
[White "Roeckl, Adelbert"]
[Black "Oettel, Lothar"]
[Result "0-1"]
[WhiteElo "1132"]
[BlackElo "1915"]
[PlyCount "74"]
[EventDate "2001.08.18"]
[EventType "swiss"]
[EventRounds "9"]
[EventCountry "GER"]
[SourceTitle "EXT 2010"]
[Source "ChessBase"]
[SourceDate "2010.11.25"]
[SourceVersion "1"]
[SourceVersionDate "2010.11.25"]
[SourceQuality "1"]

1. d4 Nf6 2. Bg5 e6 3. e4 Be7 4. Nc3 d5 5. e5 Nfd7 6. Bxe7 Qxe7 7. Nf3 a6 8. a4 c5 9. Be2 Nc6 10. dxc5 Qxc5 11. 0-0 Ndxe5 12. Nxe5 Nxe5 13. Ra3 Bd7 14. a5 Rc8 15. Qd2 0-0 16. Rc1 Bc6 17. Na4 Qe7 18. Qe3 Nd7 19. Nb6 Nxb6 20. axb6 d4 21. Qg3 e5 22. Bg4 Rcd8 23. h4 Rd6 24. f3 f5 25. Bh3 Rg6 26. Qf2 Rd6 27. Qg3 e4 28. fxe4 fxe4 29. Ra5 Rg6 30. Rg5 Rxg5 31. hxg5 Qc5 32. Be6+ Kh8 33. Qc7 d3+ 34. Kh2 d2 35. Rd1 e3 36. Bd7 e2 37. Rxd2 e1Q 0-1